Principialismo, consentimiento y donación cadavérica de órganos
Uloženo v:
| Hlavní autor: | |
|---|---|
| Médium: | Kniha |
| Jazyk: | Undetermined |
| Vydáno: |
San José, Costa Rica
Universidad de Costa Rica, Facultad de Letras, Escuela de Filosofía
2015
|
| Témata: | |
| Tagy: |
Přidat tag
Žádné tagy, Buďte první, kdo vytvoří štítek k tomuto záznamu!
|
MARC
| LEADER | 00000nam a2200000Ia 4500 | ||
|---|---|---|---|
| 008 | 170316s9999 xx 000 0 und d | ||
| 090 | |a Tesis 908 | ||
| 100 | |a Vargas Ramírez, Marco Antonio | ||
| 245 | |a Principialismo, consentimiento y donación cadavérica de órganos | ||
| 260 | |a San José, Costa Rica | ||
| 260 | |b Universidad de Costa Rica, Facultad de Letras, Escuela de Filosofía | ||
| 260 | |c 2015 | ||
| 300 | |a 327 páginas | ||
| 650 | |a TRABAJO FINAL DE GRADUACIÓN | ||
| 650 | |a LICENCIATURA EN FILOSOFÍA | ||
| 650 | |a DONACIÓN DE ÓRGANOS | ||
| 650 | |a CONSENTIMIENTO INFORMADO | ||
| 650 | |a LOCKE | ||
| 650 | |a PERCIVAL | ||
| 650 | |a SIGLO XX - TEORÍA LEGAL DEL CONSENTIMIENTO INFORMADO | ||
| 650 | |a INVESTIGACIÓN BIOMÉDICA | ||
| 650 | |a ÉTICA BIOMÉDICA | ||
| 650 | |a PRINCIPIALISMO | ||
| 650 | |a ÉTICA MODERNA | ||
| 650 | |a POLÍTICAS PÚBLICAS | ||
| 650 | |a DONACIÓN CADAVÉRICA DE ÓRGANOS | ||
| 650 | |a CONSENTIMIENTO EN LA DONACIÓN DE ÓRGANOS | ||
| 999 | |c 30320 |d 30320 | ||
| 040 | |a cru BVZT | ||
| 942 | |c 15 D |h Tesis 908 |2 z | ||
